Aquí El Salvador: momentos de la situación revolucionaria /
Guardat en:
| Format: | Llibre |
|---|---|
| Idioma: | Spanish |
| Publicat: |
Nicaragua:
Ediciones Roque Dalton
|
| Matèries: | |
| Etiquetes: |
Afegir etiqueta
Sense etiquetes, Sigues el primer a etiquetar aquest registre!
|
MARC
| LEADER | 00000nam a22000007a 4500 | ||
|---|---|---|---|
| 003 | cru CIDCACS/IIS | ||
| 005 | 20201010062538.0 | ||
| 008 | 201002n nq |||p|r||||||0| ||spa|d | ||
| 999 | |c 43415 |d 43415 | ||
| 040 | |c cru CIDCACS/IIS | ||
| 090 | |a REV0051 | ||
| 245 | |a Aquí El Salvador: |b momentos de la situación revolucionaria / |c Ediciones Roque Dalton | ||
| 260 | |a Nicaragua: |b Ediciones Roque Dalton | ||
| 270 | |d Nicaragua |e Apdo. 5883 | ||
| 500 | |a EXISTENCIAS : 1989 (16-23) 1990 (36) PERIODICIDAD: Semanal ESTADO DEL REGISTRO:Ya no se recibe | ||
| 650 | 4 | |9 3217 |a PROBLEMAS POLITICOS | |
| 650 | 0 | |9 137 |a REVOLUCION | |
| 650 | 0 | |9 3 |a MOVIMIENTOS SOCIALES | |
| 650 | 0 | |a FRENTE FARABUNDO MARTI PARA LA LIBERACION NACIONAL, FMLN (EL SALVADOR) |9 6846 | |
| 651 | 4 | |9 1928 |a EL SALVADOR | |
| 942 | |2 ddc |c PP | ||
